[Event "Titled Tuesday intern op 28th Jun Late"]
[Site "Chess.com INT"]
[Date "2022.06.28"]
[Round "11"]
[White "Haussernot, Cecile"]
[Black "Fawole, John Oyeyemi"]
[Result "1-0"]
[WhiteElo "2146"]
[BlackElo "2090"]
[PlyCount "51"]
[EventDate "2022.06.28"]
[EventType "swiss (blitz)"]
[EventRounds "11"]
[EventCountry "USA"]
[SourceTitle "CBM 209 Extra"]
[Source "ChessBase"]
[SourceDate "2022.09.30"]
[SourceVersion "1"]
[SourceVersionDate "2022.09.30"]
[SourceQuality "1"]

1. e4 c5 2. Nf3 d6 3. d4 cxd4 4. Nxd4 Nf6 5. Nc3 a6 6. h3 h5 7. Bg5 Nbd7 8. Qd2 e6 9. 0-0-0 Qb6 10. f4 Be7 11. Be2 Qc7 12. g4 b5 13. gxh5 b4 14. Nb1 Nxe4 15. Qe3 Nxg5 16. fxg5 Qc5 17. Rhg1 Ne5 18. h6 g6 19. Bf3 Ra7 20. Be4 Rc7 21. Qf4 0-0 22. h4 Nc4 23. Bxg6 fxg6 24. Qe4 Ne5 25. h5 Bb7 26. Qe3 1-0

[Event "FRA-chT Top 12 (Women) GpA"]
[Site "Mulhouse"]
[Date "2022.04.08"]
[Round "2.3"]
[White "Haussernot, Cecile"]
[Black "Coriat, Caroline"]
[Result "1-0"]
[WhiteElo "2108"]
[BlackElo "1765"]
[PlyCount "61"]
[EventDate "2022.04.07"]
[EventType "team-tourn"]
[EventRounds "5"]
[EventCountry "FRA"]
[SourceTitle "CBM 207 Extra"]
[Source "ChessBase"]
[SourceDate "2022.05.31"]
[SourceVersion "1"]
[SourceVersionDate "2022.05.31"]
[SourceQuality "1"]
[WhiteTeam "Mulhouse Philidor (W)"]
[BlackTeam "Paris Club 608 (W)"]
[WhiteTeamCountry "FRA"]
[BlackTeamCountry "FRA"]

1. e4 e6 2. d4 d5 3. Nc3 Nf6 4. Bg5 Be7 5. e5 Nfd7 6. h4 a6 7. Qg4 Kf8 8. Nh3 c5 9. dxc5 Nxe5 10. Qg3 Ned7 11. 0-0-0 Nf6 12. Nf4 Nc6 13. h5 Qa5 14. h6 g6 15. Qh4 d4 16. Bxf6 dxc3 17. Bxe7+ Nxe7 18. Qf6 cxb2+ 19. Kb1 Rg8 20. Qc3 Qc7 21. Qe5 Qa5 22. c6 b5 23. c7 Bb7 24. Qc3 Qb6 25. Qc5 Qa5 26. Rh3 Bd5 27. Nxd5 exd5 28. Re3 Re8 29. Qxe7+ Rxe7 30. c8Q+ Re8 31. Rxe8# 1-0

[Event "Mentese Flowers (Women)"]
[Site "Mentese"]
[Date "2022.02.08"]
[Round "5"]
[White "Haussernot, Cecile"]
[Black "Kirilmaz, Emre"]
[Result "0-1"]
[WhiteElo "2155"]
[BlackElo "2229"]
[PlyCount "76"]
[EventDate "2022.02.06"]
[EventType "schev"]
[EventRounds "10"]
[EventCountry "TUR"]
[SourceTitle "CBM 206 Extra"]
[Source "ChessBase"]
[SourceDate "2022.03.31"]
[SourceVersion "1"]
[SourceVersionDate "2022.03.31"]
[SourceQuality "1"]
[WhiteTeam "Red Team"]
[BlackTeam "Blue Team"]
[WhiteTeamCountry "TUR"]
[BlackTeamCountry "TUR"]

1. e4 c6 2. d4 d5 3. e5 c5 4. dxc5 Nc6 5. Nf3 Bg4 6. c3 e6 7. Bb5 Qc7 8. Be3 Nge7 9. Bd4 g6 10. 0-0 Bh6 11. h3 Bxf3 12. Qxf3 0-0 13. Qe2 Nxd4 14. cxd4 b6 15. b4 a5 16. Nd2 axb4 17. Nb3 bxc5 18. dxc5 Rfb8 19. f4 Nf5 20. Rf3 Ra3 21. Bd3 Rxb3 22. axb3 Nd4 23. Qe3 Bf8 24. Rc1 Nxb3 25. Rc2 Bxc5 26. Kh1 Bxe3 27. Rxc7 Bb6 28. Rd7 Nd2 29. Rg3 Bf2 30. Rg4 h5 31. Rg5 Ne4 32. Bxe4 dxe4 33. g3 b3 34. Rd1 b2 35. Rb1 Be3 36. Kg2 Bc1 37. Kf1 Ra8 38. Ke2 Ra1 0-1

[Event "Mentese Flowers (Women)"]
[Site "Mentese"]
[Date "2022.02.06"]
[Round "1"]
[White "Haussernot, Cecile"]
[Black "Ahmad, Al Khatib"]
[Result "1/2-1/2"]
[WhiteElo "2155"]
[BlackElo "2219"]
[PlyCount "64"]
[EventDate "2022.02.06"]
[EventType "schev"]
[EventRounds "10"]
[EventCountry "TUR"]
[SourceTitle "CBM 206 Extra"]
[Source "ChessBase"]
[SourceDate "2022.03.31"]
[SourceVersion "1"]
[SourceVersionDate "2022.03.31"]
[SourceQuality "1"]
[WhiteTeam "Red Team"]
[BlackTeam "Blue Team"]
[WhiteTeamCountry "TUR"]
[BlackTeamCountry "TUR"]

1. e4 c6 2. d4 d5 3. e5 Bf5 4. Nd2 e6 5. Nb3 Nd7 6. Nf3 h6 7. h3 Ne7 8. Bd2 g5 9. g4 Be4 10. h4 gxh4 11. Rxh4 Ng6 12. Rh5 f6 13. Bd3 Bxd3 14. cxd3 Bg7 15. Qe2 Qe7 16. 0-0-0 0-0-0 17. Rdh1 Rdf8 18. Bxh6 Bxh6+ 19. Rxh6 Rxh6 20. Rxh6 Qg7 21. Qe3 fxe5 22. Nxe5 Ndxe5 23. dxe5 Nf4 24. Rh1 Qxe5 25. Nc5 Qd6 26. d4 e5 27. Rh7 exd4 28. Nxb7 Qb4 29. Qd2 Qc4+ 30. Kb1 Qf1+ 31. Kc2 Qc4+ 32. Kb1 Qd3+ 1/2-1/2

[Event "Marmaris Karya 14th"]
[Site "Marmaris"]
[Date "2022.02.05"]
[Round "9.2"]
[White "Haussernot, Cecile"]
[Black "Ahmad, Al Khatib"]
[Result "0-1"]
[WhiteElo "2155"]
[BlackElo "2219"]
[PlyCount "45"]
[EventDate "2022.02.01"]
[EventType "schev"]
[EventRounds "10"]
[EventCountry "TUR"]
[SourceTitle "CBM 206 Extra"]
[Source "ChessBase"]
[SourceDate "2022.03.31"]
[SourceVersion "1"]
[SourceVersionDate "2022.03.31"]
[SourceQuality "1"]
[WhiteTeam "Black Team"]
[BlackTeam "White Team"]
[WhiteTeamCountry "TUR"]
[BlackTeamCountry "AZE"]

1. e4 c6 2. d4 d5 3. e5 Bf5 4. Nc3 e6 5. g4 Bg6 6. Nh3 Ne7 7. Nf4 c5 8. h4 cxd4 9. Nb5 Nec6 10. h5 Be4 11. f3 a6 12. fxe4 axb5 13. exd5 exd5 14. Bg2 Be7 15. 0-0 Nxe5 16. h6 g6 17. Qxd4 Nec6 18. Qxd5 Qb6+ 19. Kh1 0-0 20. Qe4 Qd8 21. b3 Bd6 22. Nd5 Qh4+ 23. Kg1 0-1

[Event "Cappelle Online Blitz op"]
[Site "Europe Echecs INT"]
[Date "2022.01.09"]
[Round "7"]
[White "Haussernot, Cecile"]
[Black "Batsiashvili, Nino"]
[Result "0-1"]
[WhiteElo "2188"]
[BlackElo "2491"]
[PlyCount "128"]
[EventDate "2022.01.09"]
[EventType "swiss (blitz)"]
[EventRounds "11"]
[EventCountry "FRA"]
[SourceTitle "EXT 2023"]
[Source "ChessBase"]
[SourceDate "2022.10.05"]
[SourceVersion "1"]
[SourceVersionDate "2022.10.05"]
[SourceQuality "1"]

1. e4 c6 2. d4 d5 3. f3 Qb6 4. Nc3 e5 5. exd5 exd4 6. Nce2 cxd5 7. Nxd4 Bc5 8. Bb5+ Nc6 9. Nge2 Nge7 10. Be3 0-0 11. Nxc6 bxc6 12. Bxc5 Qxc5 13. Bd3 Rb8 14. b3 Re8 15. Qd2 Nf5 16. 0-0-0 Ne3 17. Rde1 Rb7 18. Nd4 Rbe7 19. b4 Qd6 20. Qc3 Bd7 21. Re2 g6 22. Rhe1 Nxg2 23. Rxe7 Rxe7 24. Rxe7 Qxe7 25. Nxc6 Bxc6 26. Qxc6 Qe1+ 27. Kb2 Qxb4+ 28. Kc1 Nf4 29. Qe8+ Kg7 30. Qe5+ Kh6 31. Qf6 Nxd3+ 32. cxd3 Qe1+ 33. Kc2 Qf2+ 34. Kc3 Qxh2 35. Qxf7 Qe5+ 36. Kd2 d4 37. Qf8+ Kg5 38. Qd8+ Kf4 39. Qh4+ Kf5 40. Qh3+ Kf6 41. Qxh7 Qe3+ 42. Kc2 Qe2+ 43. Kc1 Qe1+ 44. Kc2 Qc3+ 45. Kd1 Qxd3+ 46. Ke1 Qe3+ 47. Kd1 Qxf3+ 48. Kd2 Qe3+ 49. Kd1 Qe5 50. Qh8+ Kf5 51. Qf8+ Ke4 52. Qa8+ Ke3 53. Qxa7 g5 54. Qa3+ d3 55. Qa7+ Kf3 56. Qf7+ Kg2 57. Qb7+ Kg3 58. Qb3 Qe2+ 59. Kc1 g4 60. a4 Kg2 61. Qd1 Qxd1+ 62. Kxd1 Kf2 63. a5 g3 64. a6 g2 0-1

[Event "Cappelle Online Blitz op"]
[Site "Europe Echecs INT"]
[Date "2022.01.09"]
[Round "8"]
[White "Sokolov, Ilia"]
[Black "Haussernot, Cecile"]
[Result "1/2-1/2"]
[WhiteElo "1889"]
[BlackElo "2188"]
[PlyCount "104"]
[EventDate "2022.01.09"]
[EventType "swiss (blitz)"]
[EventRounds "11"]
[EventCountry "FRA"]
[SourceTitle "EXT 2023"]
[Source "ChessBase"]
[SourceDate "2022.10.05"]
[SourceVersion "1"]
[SourceVersionDate "2022.10.05"]
[SourceQuality "1"]

1. Nf3 c5 2. g3 Nc6 3. Bg2 Nf6 4. 0-0 e6 5. d4 cxd4 6. Nxd4 Be7 7. c4 0-0 8. Nc3 a6 9. e4 Nxd4 10. Qxd4 d6 11. Be3 Bd7 12. h3 Qc7 13. Rac1 Rac8 14. Qd2 Bc6 15. Nd5 Qd8 16. Nxe7+ Qxe7 17. Bg5 h6 18. Bxf6 Qxf6 19. b3 Rfd8 20. Rfd1 Qe5 21. f4 Qc5+ 22. Qd4 Qa3 23. Rc2 Rd7 24. Qb2 Qc5+ 25. Qd4 Qb4 26. Qc3 Qb6+ 27. Qd4 Qc7 28. Rcd2 Qa5 29. Qe3 Rcd8 30. g4 b5 31. cxb5 Bxb5 32. f5 exf5 33. exf5 Qb4 34. Bd5 Kh8 35. f6 g5 36. Rd4 Qc5 37. Re4 Qc8 38. Re7 Rf8 39. Re1 Bc6 40. Rxd7 Bxd7 41. Qe7 Re8 42. Qxf7 Rxe1+ 43. Kf2 Qc5+ 44. Kxe1 Qe3+ 45. Kd1 Qd3+ 46. Kc1 Qc3+ 47. Kb1 Qd3+ 48. Kb2 Qd2+ 49. Ka3 Qa5+ 50. Kb2 Qd2+ 51. Kb1 Qd1+ 52. Kb2 Qd2+ 1/2-1/2

[Event "Europe Echecs Blitz Sept op"]
[Site "Europe Echecs INT"]
[Date "2021.09.19"]
[Round "3"]
[White "Ivanchuk, Vassily"]
[Black "Haussernot, Cecile"]
[Result "1-0"]
[WhiteElo "2678"]
[BlackElo "2188"]
[PlyCount "115"]
[EventDate "2021.09.19"]
[EventType "swiss (blitz)"]
[EventRounds "11"]
[EventCountry "FRA"]
[SourceTitle "CBM 204 Extra"]
[Source "ChessBase"]
[SourceDate "2021.11.30"]
[SourceVersion "1"]
[SourceVersionDate "2021.11.30"]
[SourceQuality "1"]

1. c4 c6 2. Nf3 Nf6 3. Nc3 d5 4. e3 e6 5. Qc2 Be7 6. b3 0-0 7. Bb2 Nbd7 8. d4 a6 9. Bd3 b5 10. 0-0 Bb7 11. c5 b4 12. Ne2 a5 13. a3 bxa3 14. Rxa3 Ba6 15. Bxa6 Rxa6 16. Rfa1 Ne4 17. b4 Qc7 18. Ng3 Nxg3 19. hxg3 Rfa8 20. Bc3 f6 21. Rxa5 Rxa5 22. Rxa5 Qb7 23. Rxa8+ Qxa8 24. e4 Qa6 25. exd5 exd5 26. Ne1 Qc4 27. Qd3 Qb3 28. Bd2 Qb2 29. g4 Nf8 30. g3 Kf7 31. Nf3 g6 32. Qa6 Qb1+ 33. Ne1 Qd1 34. Bc3 Qc1 35. Qd3 Ne6 36. Kg2 Bd8 37. Nf3 Bc7 38. Bd2 Qd1 39. Qe3 Qc2 40. g5 fxg5 41. Nxg5+ Nxg5 42. Qxg5 Qe4+ 43. Kh2 Qf3 44. Be3 Qf5 45. Qxf5+ gxf5 46. Kg2 Kg6 47. Kf3 Kh5 48. Bf4 Bd8 49. Ke3 Kg4 50. f3+ Kh3 51. b5 cxb5 52. c6 b4 53. c7 Bxc7 54. Bxc7 b3 55. Kd3 h5 56. Kc3 h4 57. gxh4 Kxh4 58. Kxb3 1-0

[Event "Europe Echecs Blitz Sept op"]
[Site "Europe Echecs INT"]
[Date "2021.09.19"]
[Round "9"]
[White "Ouaki, Mark"]
[Black "Haussernot, Cecile"]
[Result "0-1"]
[WhiteElo "1973"]
[BlackElo "2188"]
[PlyCount "60"]
[EventDate "2021.09.19"]
[EventType "swiss (blitz)"]
[EventRounds "11"]
[EventCountry "FRA"]
[SourceTitle "CBM 204 Extra"]
[Source "ChessBase"]
[SourceDate "2021.11.30"]
[SourceVersion "1"]
[SourceVersionDate "2021.11.30"]
[SourceQuality "1"]

1. e4 c5 2. Nf3 d6 3. d4 cxd4 4. Nxd4 Nf6 5. Nc3 a6 6. h3 e5 7. Nde2 Be7 8. g4 0-0 9. Bg2 Be6 10. Bg5 Nbd7 11. 0-0 b5 12. Ng3 b4 13. Bxf6 Nxf6 14. Nd5 a5 15. Nf5 Nxd5 16. exd5 Bxf5 17. gxf5 Bg5 18. a3 Qb6 19. axb4 Qxb4 20. b3 Bf4 21. f6 gxf6 22. Qg4+ Kh8 23. Qf5 Rg8 24. Ra4 Qc3 25. Kh1 Rg6 26. Rc4 Qd2 27. Be4 Qe2 28. Bg2 Rag8 29. Rc8 Qxf1+ 30. Bxf1 Rg1# 0-1

[Event "Europe Echecs Blitz Sept op"]
[Site "Europe Echecs INT"]
[Date "2021.09.19"]
[Round "7"]
[White "Vine, Guillaume"]
[Black "Haussernot, Cecile"]
[Result "0-1"]
[WhiteElo "1810"]
[BlackElo "2188"]
[PlyCount "61"]
[EventDate "2021.09.19"]
[EventType "swiss (blitz)"]
[EventRounds "11"]
[EventCountry "FRA"]
[SourceTitle "CBM 204 Extra"]
[Source "ChessBase"]
[SourceDate "2021.11.30"]
[SourceVersion "1"]
[SourceVersionDate "2021.11.30"]
[SourceQuality "1"]

1. d4 Nf6 2. Nf3 e6 3. c4 c5 4. e3 cxd4 5. exd4 d5 6. Nc3 Nc6 7. cxd5 exd5 8. Bb5 Bd6 9. 0-0 0-0 10. h3 a6 11. Ba4 b5 12. Bc2 b4 13. Na4 Ne4 14. Nc5 Bxc5 15. dxc5 Nxc5 16. Bg5 Qd6 17. Bh4 Be6 18. Bg3 Qe7 19. Re1 Rad8 20. Bh4 f6 21. Nd4 Qd6 22. Qh5 h6 23. Nxe6 Nxe6 24. Qg6 Ne5 25. Qh7+ Kf7 26. Bg3 Rh8 27. Qf5 g6 28. Qf4 Nxf4 29. Bxf4 d4 30. Bb3+ Kg7 31. Rac1 0-1

[Event "FRA-chT Top 12 (Women) GpA"]
[Site "Cesson Sevigne"]
[Date "2021.08.26"]
[Round "1.2"]
[White "Haussernot, Cecile"]
[Black "Broly, Mathilde"]
[Result "1-0"]
[WhiteElo "2171"]
[BlackElo "2154"]
[PlyCount "76"]
[EventDate "2021.08.26"]
[EventType "team-tourn"]
[EventRounds "3"]
[EventCountry "FRA"]
[SourceTitle "CBM 204 Extra"]
[Source "ChessBase"]
[SourceDate "2021.11.30"]
[SourceVersion "1"]
[SourceVersionDate "2021.11.30"]
[SourceQuality "1"]
[WhiteTeam "Mulhouse Philidor (W)"]
[BlackTeam "Asnieres (W)"]
[WhiteTeamCountry "FRA"]
[BlackTeamCountry "FRA"]

1. d4 Nf6 2. Bf4 d5 3. e3 g6 4. Nf3 Bg7 5. c3 0-0 6. Bd3 b6 7. Qe2 Bb7 8. Nbd2 c5 9. 0-0 Nc6 10. h3 Nd7 11. Rad1 e5 12. dxe5 Ndxe5 13. Ba6 Bxa6 14. Qxa6 Qf6 15. Bg5 Qf5 16. Nxe5 Nxe5 17. f4 Qd3 18. Qb7 Rfb8 19. Qc7 Qxe3+ 20. Kh2 Nd3 21. Nf3 h6 22. Bh4 Rc8 23. Qb7 d4 24. Ne5 Nxe5 25. fxe5 Qxe5+ 26. Bg3 Qe8 27. Rde1 Qf8 28. Re7 f6 29. Bd6 Rd8 30. Qd5+ Kh8 31. Rfe1 Qg8 32. Qc6 Bf8 33. cxd4 cxd4 34. Bb4 Bg7 35. Rxg7 Qxg7 36. Re7 Qf8 37. Rc7 Re8 38. Bxf8 Rxf8 1-0